[Event "OPEN INTER REUNION 2023"]
[Site "SALLE DES FETES DE BELLEPIERRE"]
[Date "2023.10.14"]
[Round "3.8"]
[White "Triton, Maxime"]
[Black "Larroque, Luca"]
[Result "1-0"]
[WhiteElo "1878"]
[BlackElo "1040"]
[PlyCount "67"]
[EventDate "2023.??.??"]

1. d4 d5 2. c4 e6 3. Nc3 Nf6 4. cxd5 Nxd5 5. e4 Nxc3 6. bxc3 g6 7. Nf3 Bg7 8.
h4 c5 9. Be2 Nc6 10. Be3 Qa5 11. Qd2 O-O 12. Rd1 Rd8 13. h5 cxd4 14. cxd4 Qxd2+
15. Rxd2 b6 16. h6 Bf8 17. O-O Bb7 18. Rc1 Bb4 19. Rdc2 Rac8 20. Bg5 Be7 21.
Rxc6 Rxc6 22. Rxc6 Bxc6 23. Bxe7 Rc8 24. Bd3 a5 25. Ne5 Be8 26. d5 exd5 27.
exd5 Rc1+ 28. Kh2 Rd1 29. d6 b5 30. d7 Bxd7 31. Nxd7 Rxd3 32. Nf6+ Kh8 33. Bf8
Rd8 34. Bg7# 1-0

[Event "OPEN INTER REUNION 2023"]
[Site "SALLE DES FETES DE BELLEPIERRE"]
[Date "2023.10.14"]
[Round "3.9"]
[White "Dujardin, Amaury"]
[Black "Naipal, Hoolan"]
[Result "1/2-1/2"]
[WhiteElo "1199"]
[BlackElo "1765"]
[PlyCount "49"]
[EventDate "2023.??.??"]

1. d4 Nf6 2. Nf3 e6 3. Bf4 d5 4. e3 c5 5. c3 Nc6 6. Bd3 Bd6 7. Bg3 a6 8. Nbd2
O-O 9. O-O Bxg3 10. hxg3 Qd6 11. Re1 Rd8 12. Qe2 b5 13. dxc5 Qxc5 14. Rad1 Bb7
15. e4 dxe4 16. Nxe4 Nxe4 17. Qxe4 Qh5 18. g4 Qh6 19. Re3 Na5 20. Qb4 Nc4 21.
Ree1 Bxf3 22. gxf3 Qh3 23. Be2 Ne3 24. fxe3 Qg3+ 25. Kf1 1/2-1/2

[Event "OPEN INTER REUNION 2023"]
[Site "SALLE DES FETES DE BELLEPIERRE"]
[Date "2023.10.14"]
[Round "3.10"]
[White "Lee Luen Mang, Stefan"]
[Black "Quere, Alexandre"]
[Result "0-1"]
[WhiteElo "1701"]
[BlackElo "1940"]
[PlyCount "46"]
[EventDate "2023.??.??"]

1. e4 e5 2. Nc3 Nf6 3. f4 d5 4. fxe5 Nxe4 5. Qf3 Nxc3 6. dxc3 Be6 7. Bf4 Nd7 8.
O-O-O g5 9. Bg3 h5 10. Re1 c6 11. h4 g4 12. Qd3 Qa5 13. Bf4 Nc5 14. Qd4 Qxa2
15. Bd3 Na4 16. b3 Nc5 17. Ne2 O-O-O 18. Ng3 Ne4 19. Nxe4 dxe4 20. Qxe4 Ba3+
21. Kd2 Bxb3 22. Ke2 Rxd3 23. Qxd3 Bc4 0-1

[Event "OPEN INTER REUNION 2023"]
[Site "SALLE DES FETES DE BELLEPIERRE"]
[Date "2023.10.14"]
[Round "6.1"]
[White "Mouhamad, Joachim"]
[Black "Velten, Paul"]
[Result "1/2-1/2"]
[WhiteElo "2303"]
[BlackElo "2487"]
[PlyCount "143"]
[EventDate "2023.??.??"]

1. e4 e6 2. d4 d5 3. Nc3 Nf6 4. e5 Ng8 5. Nf3 a6 6. Ne2 c5 7. c3 Bd7 8. dxc5
Bxc5 9. Ned4 Nc6 10. Bd3 Qb6 11. O-O Nxd4 12. cxd4 Bxd4 13. Nxd4 Qxd4 14. Qe2
Ne7 15. Rd1 Qh4 16. Be3 O-O 17. Bc5 Rfe8 18. a4 Bxa4 19. Bxh7+ Kxh7 20. Rd4 Qg5
21. Bxe7 Rxe7 22. Raxa4 Rc7 23. h3 Rac8 24. Rg4 Qc1+ 25. Kh2 Rc4 26. b3 Rxa4
27. Rxa4 Kg8 28. Qh5 Qh6 29. Qe2 Qg6 30. Qe3 Qf5 31. Rg4 Rc2 32. f4 Rc8 33. Qb6
Rf8 34. Qxb7 Qe4 35. Qxa6 d4 36. Qd6 d3 37. Rg3 Qxf4 38. Qxd3 Qxe5 39. Qc3 Qxc3
40. Rxc3 Rb8 41. Kg3 Rb4 42. Kf3 f5 43. Ke3 Kf7 44. Kd3 Kf6 45. Kc2 e5 46. Rc6+
Kg5 47. Kc3 Rb7 48. b4 e4 49. g3 Rd7 50. b5 Rd3+ 51. Kb4 Rxg3 52. Rc3 e3 53. b6
Rxh3 54. b7 Rh8 55. Rxe3 Kf4 56. Rb3 g5 57. Kc3 Rb8 58. Kd2 Kg4 59. Ke2 Kf4 60.
Rb5 Ke4 61. Kf2 Kf4 62. Ke2 g4 63. Kf2 g3+ 64. Kg2 Kg4 65. Rb3 f4 66. Rb4 Kf5
67. Kf3 Ke5 68. Re4+ Kd5 69. Rxf4 Rxb7 70. Kxg3 Rg7+ 71. Rg4 Rxg4+ 72. Kxg4
1/2-1/2

[Event "OPEN INTER REUNION 2023"]
[Site "SALLE DES FETES DE BELLEPIERRE"]
[Date "2023.10.14"]
[Round "6.2"]
[White "Triton, Maxime"]
[Black "Berthelot, Yannick"]
[Result "0-1"]
[WhiteElo "1878"]
[BlackElo "2228"]
[PlyCount "78"]
[EventDate "2023.??.??"]

1. d4 f5 2. g4 fxg4 3. h3 d5 4. hxg4 Bxg4 5. Nc3 Nf6 6. f3 Bf5 7. e4 dxe4 8.
fxe4 Nxe4 9. Qf3 Nd6 10. Bf4 e6 11. O-O-O Be7 12. Qh5+ g6 13. Qh6 Nf7 14. Qh2
Bg5 15. Bxg5 Qxg5+ 16. Kb1 Qe7 17. Bg2 Nd6 18. Nf3 Nd7 19. Rhe1 O-O-O 20. d5
Nc4 21. dxe6 Ndb6 22. Nd4 Rxd4 23. Rxd4 Qb4 24. Rxc4 Nxc4 25. Qxc7+ Kxc7 26.
Nd5+ Kd6 27. Nxb4 Bxe6 28. b3 Na5 29. c4 Bf5+ 30. Kb2 h5 31. Rd1+ Ke6 32. Rd5
Nc6 33. Nxc6 bxc6 34. Rc5 Rc8 35. Rxc6+ Rxc6 36. Bxc6 h4 37. Kc3 Ke5 38. c5 h3
39. Bh1 Be4 0-1

[Event "OPEN INTER REUNION 2023"]
[Site "SALLE DES FETES DE BELLEPIERRE"]
[Date "2023.10.14"]
[Round "6.3"]
[White "Mezouaghi, Miloud"]
[Black "De Peindray D'Ambell, Philippe"]
[Result "1-0"]
[WhiteElo "1946"]
[BlackElo "1857"]
[PlyCount "95"]
[EventDate "2023.??.??"]

1. Nf3 c5 2. g3 Nc6 3. Bg2 e5 4. d3 g6 5. O-O Bg7 6. e4 Nge7 7. Be3 d6 8. c3
O-O 9. d4 cxd4 10. cxd4 Bg4 11. d5 Na5 12. Nbd2 b6 13. b4 Nb7 14. h3 Bxf3 15.
Nxf3 Qd7 16. Qd2 Rfc8 17. Rac1 a5 18. Bxb6 axb4 19. Qxb4 Rxa2 20. Rxc8+ Nxc8
21. Be3 Ra4 22. Qb1 Ra8 23. Rc1 f5 24. Ng5 Ne7 25. Ne6 Rc8 26. Rxc8+ Qxc8 27.
Bf1 Nd8 28. Qb5 Nf7 29. Bb6 Bf8 30. Bd3 fxe4 31. Bxe4 Nh6 32. Bd8 Kf7 33. Kg2
Nhf5 34. Ng5+ Kf6 35. Nxh7+ Kg7 36. Nxf8 Kxf8 37. Bxe7+ Kxe7 38. Qd3 Kf7 39.
Qf3 Kg7 40. h4 Ne7 41. h5 gxh5 42. Qxh5 Qc5 43. Qh7+ Kf6 44. Qh6+ Kf7 45. Qe6+
Kf8 46. Bf3 Qd4 47. Qf6+ Ke8 48. Bh5+ 1-0

[Event "OPEN INTER REUNION 2023"]
[Site "SALLE DES FETES DE BELLEPIERRE"]
[Date "2023.10.14"]
[Round "6.4"]
[White "Quere, Alexandre"]
[Black "Fondrat, Johan"]
[Result "1/2-1/2"]
[WhiteElo "1940"]
[BlackElo "1831"]
[PlyCount "117"]
[EventDate "2023.??.??"]

1. e4 e5 2. Nf3 Nc6 3. Bc4 Nf6 4. d3 h6 5. c3 d6 6. O-O g5 7. d4 g4 8. Ne1 Nxe4
9. f3 Nf6 10. fxg4 d5 11. Bb5 e4 12. c4 Bxg4 13. Qa4 Bd7 14. cxd5 Nxd5 15. Nc3
Nxc3 16. bxc3 a6 17. Bc4 Ne5 18. Qb3 Nxc4 19. Qxc4 f5 20. Qd5 Bd6 21. Bf4 Qf6
22. Qxb7 O-O 23. Qb3+ Kh7 24. Rd1 Rab8 25. Qc2 Ba3 26. Rb1 Qc6 27. Rb3 Be7 28.
Qb1 Rxb3 29. Qxb3 Be6 30. Qb2 Qb6 31. Qxb6 cxb6 32. Rf2 Rc8 33. Rb2 b5 34. a4
Ba3 35. Rb1 Bd7 36. axb5 Bxb5 37. Rb3 Be7 38. Nc2 Kg6 39. Ne3 Bd8 40. Kf2 Ba5
41. Nd5 Bd8 42. Ne3 h5 43. g3 h4 44. Ra3 hxg3+ 45. hxg3 Be7 46. Rb3 Bd8 47. Ra3
a5 48. Bd6 Rc6 49. Bc5 Rc8 50. Nd5 Be8 51. Be7 a4 52. Bxd8 Rxd8 53. Nc7 Bc6 54.
Ne6 Rh8 55. c4 Kf6 56. Nc5 Rh2+ 57. Kg1 Rc2 58. d5 Rxc4 59. Nxe4+ 1/2-1/2

[Event "OPEN INTER REUNION 2023"]
[Site "SALLE DES FETES DE BELLEPIERRE"]
[Date "2023.10.14"]
[Round "6.5"]
[White "Picard, Vincent"]
[Black "Bah, Ismael"]
[Result "1-0"]
[WhiteElo "1730"]
[BlackElo "1630"]
[PlyCount "75"]
[EventDate "2023.??.??"]

1. Nf3 Nf6 2. c4 c5 3. Nc3 b6 4. e4 d6 5. d4 cxd4 6. Nxd4 Bb7 7. f3 g6 8. Be3
Bg7 9. Be2 Nc6 10. O-O O-O 11. Qd2 Rc8 12. Rac1 Nd7 13. Nc2 Nce5 14. b3 Nc5 15.
Rfd1 Nc6 16. Bf1 Ne5 17. Nd4 Nc6 18. Ndb5 a6 19. Nd4 Rb8 20. Nc2 Qc8 21. Nd5
Qd8 22. b4 Nd7 23. Qf2 Bc8 24. c5 bxc5 25. bxc5 e6 26. Nb6 Nxb6 27. cxb6 Qe7
28. Nd4 Nxd4 29. Bxd4 Rd8 30. Rc7 Qf8 31. Ra7 Qe8 32. Rc1 Qa4 33. Bxg7 Kxg7 34.
Rcc7 Bd7 35. Qb2+ Kg8 36. Rxa6 Qd1 37. Rc1 Rxb6 38. Rxb6 1-0

[Event "OPEN INTER REUNION 2023"]
[Site "SALLE DES FETES DE BELLEPIERRE"]
[Date "2023.10.14"]
[Round "6.6"]
[White "Desire, Michael"]
[Black "Enilorac, Julien"]
[Result "0-1"]
[WhiteElo "1672"]
[BlackElo "1398"]
[PlyCount "90"]
[EventDate "2023.??.??"]

1. d4 d5 2. c4 e6 3. Nc3 a6 4. Nf3 dxc4 5. e4 b5 6. Be3 Bb7 7. e5 Ne7 8. a4 Nd5
9. axb5 Nxc3 10. bxc3 axb5 11. Be2 Be7 12. O-O O-O 13. Qb1 Rxa1 14. Qxa1 Bd5
15. Qb2 c6 16. Nd2 Nd7 17. f4 f6 18. Bf3 Bxf3 19. Rxf3 f5 20. Rf1 Nb6 21. Ra1
Nd5 22. Nf1 b4 23. Qa2 Nxc3 24. Qxc4 Qd5 25. Qd3 c5 26. Ra5 c4 27. Rxd5 cxd3
28. Rd7 Nd5 29. Rb7 Ra8 30. Kf2 Ra2+ 31. Nd2 Kf8 32. Kf3 g5 33. g3 g4+ 34. Kf2
Bd8 35. Rb8 Ke7 36. Rb7+ Ke8 37. Rb5 Bb6 38. Ke1 Ra1+ 39. Kf2 Kd7 40. Nc4 Kc6
41. Rxd5 exd5 42. Nxb6 Kxb6 43. Bd2 b3 44. Bc3 Ra2+ 45. Ke3 d2 0-1

[Event "OPEN INTER REUNION 2023"]
[Site "SALLE DES FETES DE BELLEPIERRE"]
[Date "2023.10.14"]
[Round "6.7"]
[White "Sawmynaden, Vicken"]
[Black "Testud, Philippe"]
[Result "0-1"]
[WhiteElo "1629"]
[BlackElo "2124"]
[PlyCount "40"]
[EventDate "2023.??.??"]

1. e4 c6 2. d4 d5 3. exd5 cxd5 4. Bd3 Nc6 5. c3 Qc7 6. Nf3 Bg4 7. Nbd2 Nf6 8.
h3 Bh5 9. g4 Bg6 10. Bb5 e6 11. Ne5 Bd6 12. Nxg6 hxg6 13. Qe2 a6 14. Bd3 Bf4
15. Nf1 Bxc1 16. Rxc1 Nxd4 17. Qd1 Nc6 18. Ne3 Rd8 19. Qe2 d4 20. Nd1 Qf4 0-1

[Event "OPEN INTER REUNION 2023"]
[Site "SALLE DES FETES DE BELLEPIERRE"]
[Date "2023.10.14"]
[Round "6.8"]
[White "Frelicot, Eric"]
[Black "Roblet, Charles"]
[Result "0-1"]
[WhiteElo "1493"]
[BlackElo "2008"]
[PlyCount "104"]
[EventDate "2023.??.??"]

1. d4 Nf6 2. Bf4 g6 3. e3 Bg7 4. Nf3 d6 5. Be2 a6 6. a4 b6 7. h3 O-O 8. O-O c5
9. c3 Bb7 10. Nbd2 Nbd7 11. Bh2 Rc8 12. Rc1 Rc7 13. b4 Qa8 14. a5 cxb4 15. cxb4
Rxc1 16. Qxc1 b5 17. Qb1 Rc8 18. Rc1 Nd5 19. Rxc8+ Qxc8 20. Bd3 Qc3 21. Be4
N7f6 22. Bg3 Nxe4 23. Nxe4 Qxb4 24. Qa2 Qa4 25. Qxa4 bxa4 26. Ned2 a3 27. Nb3
Nb4 28. Nfd2 Nc2 29. Kf1 a2 30. Ke2 a1=Q 31. Nxa1 Nxa1 32. Kd3 Bxg2 33. h4 Bc6
34. f4 Ba4 35. Kc3 Nc2 36. Bf2 Bf6 37. Ne4 Bxh4 38. Bxh4 Nxe3 39. Kb4 Bc6 40.
Nc3 f6 41. Bf2 Nd5+ 42. Kc4 Nxf4 43. d5 Bd7 44. Ne4 g5 45. Bd4 Bb5+ 46. Kb3
Nxd5 47. Kc2 Kg7 48. Kd2 Kg6 49. Bb6 h5 50. Nf2 h4 51. Bd8 g4 52. Ke1 h3 0-1

[Event "OPEN INTER REUNION 2023"]
[Site "SALLE DES FETES DE BELLEPIERRE"]
[Date "2023.10.14"]
[Round "6.9"]
[White "Hoareau, Hugues"]
[Black "Rosamel, Manua"]
[Result "1-0"]
[WhiteElo "1857"]
[BlackElo "1564"]
[PlyCount "85"]
[EventDate "2023.??.??"]

1. e4 c5 2. c4 Nc6 3. g3 Nf6 4. Bg2 e6 5. Nc3 Be7 6. Nge2 d6 7. O-O h5 8. h3
Bd7 9. d4 cxd4 10. Nxd4 a6 11. Be3 Qc8 12. Na4 Bd8 13. Nxc6 Bxc6 14. Nb6 Bxb6
15. Bxb6 Qd7 16. Qe2 Qe7 17. Rfd1 Rc8 18. Rd2 Nd7 19. Ba5 b6 20. Bc3 Nf6 21.
Rad1 Rd8 22. Bb4 Qb7 23. f3 O-O 24. Bxd6 Rfe8 25. e5 Nh7 26. Qe3 b5 27. c5 Rd7
28. Rf2 Nf8 29. Qg5 g6 30. g4 Nh7 31. Qh6 h4 32. Qxh4 Kg7 33. g5 Bd5 34. b3 Rh8
35. Qf4 Qc8 36. h4 Rdd8 37. Bh3 Nf8 38. Rxd5 Nd7 39. Rd4 Rh5 40. Bf1 Rdh8 41.
Rh2 Nxc5 42. Qf6+ Kg8 43. Bf8 1-0

[Event "OPEN INTER REUNION 2023"]
[Site "SALLE DES FETES DE BELLEPIERRE"]
[Date "2023.10.14"]
[Round "6.10"]
[White "Evrin, Selvam"]
[Black "Hoarau, Antoine"]
[Result "1/2-1/2"]
[WhiteElo "1806"]
[BlackElo "1436"]
[PlyCount "145"]
[EventDate "2023.??.??"]

1. e4 c5 2. Nf3 Nc6 3. d4 cxd4 4. Nxd4 g6 5. Nc3 Bg7 6. Be3 Nf6 7. Bc4 O-O 8.
Bb3 Re8 9. f3 d5 10. Nxc6 bxc6 11. e5 Nd7 12. f4 e6 13. Na4 f6 14. exf6 Bxf6
15. O-O Ba6 16. Rf2 Rc8 17. c4 Nb6 18. cxd5 cxd5 19. Nxb6 axb6 20. Bd4 Rf8 21.
Qd2 Qd6 22. Re1 Bb5 23. Rf3 Bd7 24. g3 Bxd4+ 25. Qxd4 Qc5 26. Rd3 Qxd4+ 27.
Rxd4 Rc5 28. Kg2 Rfc8 29. Kf3 Kf7 30. Rb4 Rb5 31. Rd4 Rbc5 32. Ke3 Kf6 33. h4
h5 34. Kd2 Bb5 35. Rb4 R8c6 36. Re3 Bf1 37. Rc3 Rxc3 38. bxc3 Kf5 39. Bc2+ Kf6
40. Rb1 Bh3 41. Re1 Bf5 42. Bxf5 gxf5 43. Kd3 Rc7 44. Rb1 Ra7 45. Rb2 Ra8 46.
c4 Ra3+ 47. Rb3 dxc4+ 48. Kxc4 Rxa2 49. Rxb6 Rg2 50. Rb3 Rg1 51. Kd4 Rd1+ 52.
Ke3 Re1+ 53. Kf2 Ra1 54. Rb8 Ra2+ 55. Kf3 Ra3+ 56. Kg2 Ra2+ 57. Kh3 Ra6 58. Rg8
Ra7 59. Rg5 Rh7 60. Kg2 Rh8 61. Kf3 Rh7 62. Ke3 Rh8 63. Kf2 Rh7 64. Ke2 Rh8 65.
Ke3 Rh7 66. Kd4 Rd7+ 67. Kc5 Rh7 68. Rg8 Rg7 69. Rxg7 Kxg7 70. Kc4 Kg8 71. Kd4
Kf8 72. Kc5 Kg7 73. Kc4 1/2-1/2

[Event "OPEN INTER REUNION 2023"]
[Site "SALLE DES FETES DE BELLEPIERRE"]
[Date "2023.10.14"]
[Round "7.1"]
[White "Velten, Paul"]
[Black "Berthelot, Yannick"]
[Result "0-1"]
[WhiteElo "2487"]
[BlackElo "2228"]
[PlyCount "97"]
[EventDate "2023.??.??"]

1. d4 f5 2. Nc3 Nf6 3. Bg5 e6 4. e4 fxe4 5. Nxe4 Be7 6. Bxf6 Bxf6 7. f4 Nc6 8.
Nf3 b6 9. c3 Bb7 10. Bd3 Qe7 11. Qe2 O-O-O 12. Ba6 d5 13. Nf2 h6 14. a4 g5 15.
Ne5 Bxe5 16. fxe5 h5 17. b4 Rdf8 18. O-O g4 19. Bxb7+ Kxb7 20. a5 g3 21. hxg3
Rfg8 22. axb6 cxb6 23. Nh3 Rxg3 24. Rf3 Rhg8 25. Raf1 Rxg2+ 26. Qxg2 Rxg2+ 27.
Kxg2 Ka6 28. Rg3 Kb5 29. Rf6 a5 30. bxa5 bxa5 31. Nf4 Nd8 32. Nxh5 a4 33. Rg7
Qe8 34. Nf4 Kc4 35. Rc7+ Kb3 36. c4 dxc4 37. d5 exd5 38. e6 Nxe6 39. Rb7+ Kc2
40. Rxe6 Qg8+ 41. Kf3 d4 42. Ra7 Qb8 43. Re2+ Kb3 44. Ree7 Kc2 45. Reb7 Qe8 46.
Re7 Qb8 47. Ke4 d3 48. Rxa4 Qb5 49. Ra2+ 0-1

[Event "OPEN INTER REUNION 2023"]
[Site "SALLE DES FETES DE BELLEPIERRE"]
[Date "2023.10.14"]
[Round "7.2"]
[White "Mouhamad, Joachim"]
[Black "Mezouaghi, Miloud"]
[Result "0-1"]
[WhiteElo "2303"]
[BlackElo "1946"]
[PlyCount "69"]
[EventDate "2023.??.??"]

1. e4 c5 2. Nf3 d6 3. d4 cxd4 4. Nxd4 Nf6 5. Nc3 a6 6. Be3 e5 7. Nf3 h6 8. Bc4
Be7 9. O-O O-O 10. a4 Be6 11. Qe2 Qc7 12. Nd2 Nbd7 13. a5 Rac8 14. Ra4 Rfe8 15.
Rd1 Bf8 16. Bxe6 fxe6 17. Nc4 Qc6 18. Qd3 d5 19. Nd2 d4 20. Rc4 Nc5 21. Qe2
dxc3 22. Rxc3 Nfxe4 23. Nxe4 Qxe4 24. Rc4 Qf5 25. g4 Qf7 26. g5 hxg5 27. h4
gxh4 28. Rxh4 Nd7 29. Qg4 Nf6 30. Qh3 Qg6+ 31. Kh2 Rxc2 32. Rg1 Qf5 33. Rh8+
Kf7 34. Qg3 Ng4+ 35. Kh1 0-1

[Event "OPEN INTER REUNION 2023"]
[Site "SALLE DES FETES DE BELLEPIERRE"]
[Date "2023.10.14"]
[Round "7.3"]
[White "Riviere, Etienne"]
[Black "Picard, Vincent"]
[Result "1-0"]
[WhiteElo "1963"]
[BlackElo "1730"]
[PlyCount "21"]
[EventDate "2023.??.??"]

1. b3 e5 2. Bb2 Nc6 3. e3 d5 4. Bb5 Bd6 5. f4 f6 6. fxe5 fxe5 7. Bxe5 Bxe5 8.
Qh5+ Kf8 9. Bxc6 bxc6 10. Qxe5 Qf6 11. Nf3 1-0

[Event "OPEN INTER REUNION 2023"]
[Site "SALLE DES FETES DE BELLEPIERRE"]
[Date "2023.10.14"]
[Round "7.4"]
[White "Enilorac, Julien"]
[Black "Quere, Alexandre"]
[Result "0-1"]
[WhiteElo "1398"]
[BlackElo "1940"]
[PlyCount "66"]
[EventDate "2023.??.??"]

1. d4 d6 2. Nf3 Nd7 3. e3 g6 4. Be2 Bg7 5. Nbd2 Ngf6 6. O-O O-O 7. c3 e5 8. a4
e4 9. Ne1 Re8 10. b4 Nf8 11. c4 h5 12. f3 exf3 13. Ndxf3 Bh6 14. Nc2 Ne4 15.
Ra3 h4 16. d5 h3 17. g3 Nd7 18. Bb2 f5 19. Nh4 Qg5 20. Kh1 Kh7 21. Nd4 Ne5 22.
Ndf3 Qe7 23. Nxe5 dxe5 24. c5 a5 25. Nxg6 Kxg6 26. Bh5+ Kh7 27. d6 cxd6 28.
Bxe8 Qxe8 29. cxd6 Qc6 30. Qf3 axb4 31. Raa1 Bd7 32. Kg1 Nd2 33. Qxc6 Bxe3+ 0-1

[Event "OPEN INTER REUNION 2023"]
[Site "SALLE DES FETES DE BELLEPIERRE"]
[Date "2023.10.14"]
[Round "7.5"]
[White "Fondrat, Johan"]
[Black "Triton, Maxime"]
[Result "0-1"]
[WhiteElo "1831"]
[BlackElo "1878"]
[PlyCount "68"]
[EventDate "2023.??.??"]

1. d4 Nf6 2. c4 g6 3. Nc3 Bg7 4. e4 O-O 5. e5 Ne8 6. f4 d6 7. Nf3 dxe5 8. Nxe5
c5 9. Be3 cxd4 10. Qxd4 Nd6 11. Qd2 Nc6 12. Nxc6 bxc6 13. Rc1 Qa5 14. Bd3 Bf5
15. c5 Rfd8 16. cxd6 Rxd6 17. O-O Rxd3 18. Qf2 Rad8 19. Bxa7 Rd2 20. Qe3 R8d3
21. Qxe7 Bf8 22. Qb7 Rd7 23. Qxc6 Qxa7+ 24. Kh1 Rxb2 25. Nd5 Rd6 26. Nf6+ Kh8
27. Qe8 Rb8 28. Qe5 Qd4 29. g4 Bd3 30. Rf3 Bg7 31. g5 Bxf6 32. gxf6 Be4 33. Rb1
Rxb1+ 34. Kg2 Qxe5 0-1

[Event "OPEN INTER REUNION 2023"]
[Site "SALLE DES FETES DE BELLEPIERRE"]
[Date "2023.10.14"]
[Round "7.6"]
[White "Testud, Philippe"]
[Black "Sawmynaden, Righen Peroumal"]
[Result "1-0"]
[WhiteElo "2124"]
[BlackElo "1667"]
[PlyCount "36"]
[EventDate "2023.??.??"]

1. Nf3 Nf6 2. c4 e6 3. g3 b6 4. Bg2 Bb7 5. O-O Be7 6. d4 O-O 7. Nc3 d5 8. Ne5
c5 9. Bf4 cxd4 10. Qxd4 Nc6 11. Nxc6 Bxc6 12. Rad1 Bc5 13. Qd2 Re8 14. Bg5 Bb4
15. e3 Rc8 16. cxd5 Bxd5 17. Bxf6 Qxf6 18. Nxd5 Bxd2 1-0

[Event "OPEN INTER REUNION 2023"]
[Site "SALLE DES FETES DE BELLEPIERRE"]
[Date "2023.10.14"]
[Round "7.7"]
[White "Roblet, Charles"]
[Black "Naipal, Hoolan"]
[Result "1-0"]
[WhiteElo "2008"]
[BlackElo "1765"]
[PlyCount "89"]
[EventDate "2023.??.??"]

1. e4 c6 2. d4 d5 3. Nc3 dxe4 4. f3 e5 5. dxe5 Qxd1+ 6. Nxd1 Nd7 7. f4 g6 8.
Bc4 f6 9. exf6 Ngxf6 10. Be3 Bc5 11. Ne2 Nd5 12. Bxd5 cxd5 13. Bxc5 Nxc5 14.
Ndc3 Be6 15. O-O-O O-O-O 16. h3 Rhe8 17. Nd4 Bf7 18. Rhe1 a6 19. Kd2 Ne6 20.
Nxe6 Rxe6 21. Ke3 Red6 22. Rd4 Kc7 23. Red1 h5 24. a3 Be6 25. Ne2 Rc6 26. c3
Rcd6 27. c4 dxc4 28. Nc3 Rxd4 29. Rxd4 Rxd4 30. Kxd4 b5 31. Nxe4 Kb6 32. Ng5
Bf5 33. Nf3 Ka5 34. Ne5 Ka4 35. Kc3 a5 36. g4 hxg4 37. hxg4 Be6 38. Nxg6 Bxg4
39. Ne7 Be6 40. f5 Bf7 41. Nc6 Bd5 42. f6 Bf7 43. Ne5 b4+ 44. axb4 axb4+ 45.
Kc2 1-0

[Event "OPEN INTER REUNION 2023"]
[Site "SALLE DES FETES DE BELLEPIERRE"]
[Date "2023.10.14"]
[Round "7.8"]
[White "Dijoux, Julien"]
[Black "Dubertrand, Bernard"]
[Result "1-0"]
[WhiteElo "1870"]
[BlackElo "1412"]
[PlyCount "91"]
[EventDate "2023.??.??"]

1. e4 e5 2. Nf3 Nc6 3. Bb5 Bc5 4. c3 d6 5. d4 exd4 6. cxd4 Bb4+ 7. Kf1 Bd7 8.
Qa4 Nge7 9. d5 Bc5 10. dxc6 bxc6 11. Be2 O-O 12. Nc3 Ng6 13. h3 h6 14. Be3 Bxe3
15. fxe3 Re8 16. Qc2 Qe7 17. Re1 Kh8 18. Bd1 Qf6 19. Qf2 Rab8 20. Bb3 Rb7 21.
h4 Reb8 22. h5 Ne7 23. Nd2 Qxf2+ 24. Kxf2 c5 25. Nd5 Nc6 26. Nc4 f6 27. Ba4 Ne5
28. Nxe5 Rxb2+ 29. Re2 Rxe2+ 30. Kxe2 Bxa4 31. Ng6+ Kg8 32. Nxc7 Rb2+ 33. Kf3
Kf7 34. Nd5 Bc6 35. Rd1 Rxa2 36. Ndf4 f5 37. Rxd6 Bxe4+ 38. Kg3 c4 39. Ne5+ Ke7
40. Re6+ Kd8 41. Nxc4 a5 42. Ra6 a4 43. Ra7 Bc2 44. Ne6+ Kc8 45. Nd6+ Kb8 46.
Rb7+ 1-0

[Event "OPEN INTER REUNION 2023"]
[Site "SALLE DES FETES DE BELLEPIERRE"]
[Date "2023.10.14"]
[Round "7.9"]
[White "De Peindray D'Ambell, Philippe"]
[Black "Folio, Thomas"]
[Result "1/2-1/2"]
[WhiteElo "1857"]
[BlackElo "1558"]
[PlyCount "60"]
[EventDate "2023.??.??"]

1. c4 Nf6 2. g3 e6 3. Bg2 d5 4. Nf3 Be7 5. O-O O-O 6. b3 c5 7. Bb2 Nc6 8. d3
Qc7 9. Nbd2 b6 10. cxd5 Nxd5 11. a3 Rd8 12. Rc1 Qd7 13. Qc2 Bb7 14. Rfd1 Rac8
15. Ne4 f5 16. Ned2 Nd4 17. Nxd4 cxd4 18. Qb1 Nc3 19. Bxc3 dxc3 20. Bxb7 Qxb7
21. Nc4 b5 22. Ne3 Bxa3 23. Rc2 Be7 24. b4 Bf6 25. Qb3 Qf7 26. Rdc1 a5 27. bxa5
Rb8 28. a6 Rd6 29. Ra2 Bd4 30. Nc2 Bc5 1/2-1/2

[Event "OPEN INTER REUNION 2023"]
[Site "SALLE DES FETES DE BELLEPIERRE"]
[Date "2023.10.14"]
[Round "7.10"]
[White "Folio, Pierre"]
[Black "Hoareau, Hugues"]
[Result "0-1"]
[WhiteElo "1641"]
[BlackElo "1857"]
[PlyCount "92"]
[EventDate "2023.??.??"]

1. d4 d5 2. Bf4 Nf6 3. Nf3 g6 4. e3 Bg7 5. Bd3 c5 6. c3 c4 7. Bc2 a6 8. h3 Nbd7
9. Nbd2 b5 10. e4 dxe4 11. Nxe4 Bb7 12. Qe2 O-O 13. O-O Re8 14. Nxf6+ exf6 15.
Qd2 Nb6 16. Rfe1 Qd7 17. Nh2 Nd5 18. a3 h5 19. Bh6 Ne7 20. Bxg7 Kxg7 21. Nf1
Nf5 22. Qf4 Nd6 23. Ng3 Rxe1+ 24. Rxe1 Re8 25. Rxe8 Nxe8 26. Ne4 Bxe4 27. Bxe4
Nd6 28. Bf3 Qe6 29. Kh2 g5 30. Qe3 Kg6 31. Qxe6 fxe6 32. g4 h4 33. Bc6 f5 34.
f3 Kf6 35. Kg2 fxg4 36. fxg4 Ke7 37. Kf3 Kd8 38. Ke3 Kc7 39. d5 e5 40. Kf3 Kb6
41. Ke3 Kc5 42. Kf3 a5 43. Ke3 b4 44. Kf3 b3 45. Ke3 Nc8 46. Ke4 Kd6 0-1

[Event "OPEN INTER REUNION 2023"]
[Site "SALLE DES FETES DE BELLEPIERRE"]
[Date "2023.10.14"]
[Round "8.1"]
[White "Quere, Alexandre"]
[Black "Velten, Paul"]
[Result "0-1"]
[WhiteElo "1940"]
[BlackElo "2487"]
[PlyCount "24"]
[EventDate "2023.??.??"]

1. g3 e5 2. Bg2 d5 3. c4 d4 4. b4 a5 5. Qa4+ c6 6. b5 Nf6 7. d3 Bb4+ 8. Nd2 O-O
9. Rb1 Nbd7 10. bxc6 Nc5 11. Qb5 bxc6 12. Bxc6 Ba6 0-1

[Event "OPEN INTER REUNION 2023"]
[Site "SALLE DES FETES DE BELLEPIERRE"]
[Date "2023.10.14"]
[Round "8.2"]
[White "Riviere, Etienne"]
[Black "Mezouaghi, Miloud"]
[Result "1-0"]
[WhiteElo "1963"]
[BlackElo "1946"]
[PlyCount "100"]
[EventDate "2023.??.??"]

1. b3 c5 2. Bb2 d5 3. e3 Nc6 4. Bb5 Nf6 5. Nf3 e6 6. Ne5 Bd7 7. Bxc6 Bxc6 8.
O-O Be7 9. d3 O-O 10. Nd2 Be8 11. f4 Nd7 12. Qg4 f5 13. Qg3 Nxe5 14. Bxe5 Bf6
15. Nf3 Kh8 16. Kh1 Bh5 17. Ng5 Bxe5 18. fxe5 Qe8 19. Qh4 h6 20. Nf3 g5 21. Qe1
Rg8 22. a4 a5 23. Nd2 Qg6 24. Nb1 Qg7 25. Qg3 Rad8 26. Nc3 d4 27. Nb5 dxe3 28.
Qxe3 Rd5 29. Rae1 b6 30. Nd6 f4 31. Qh3 Qg6 32. g4 fxg3 33. hxg3 g4 34. Qh2 Qg5
35. Ne4 Qxe5 36. Nf6 Qg5 37. Nxg8 Kxg8 38. Rxe6 Kg7 39. Qf2 Rd8 40. Qf6+ Qxf6
41. Rfxf6 Bf7 42. Rxb6 Re8 43. Kg2 Re2+ 44. Rf2 Bd5+ 45. Kf1 Re3 46. Ra6 Bh1
47. Re2 Rxg3 48. Re7+ Kf8 49. Rc7 Ke8 50. Rxh6 Kd8 1-0

[Event "OPEN INTER REUNION 2023"]
[Site "SALLE DES FETES DE BELLEPIERRE"]
[Date "2023.10.14"]
[Round "8.3"]
[White "Testud, Philippe"]
[Black "Mouhamad, Joachim"]
[Result "0-1"]
[WhiteElo "2124"]
[BlackElo "2303"]
[PlyCount "52"]
[EventDate "2023.??.??"]

1. d4 d5 2. Nf3 e6 3. e3 Nf6 4. Bd3 Bd6 5. O-O O-O 6. Nbd2 Nbd7 7. b3 b6 8. Bb2
Bb7 9. c4 Qe7 10. Ne5 Ne4 11. cxd5 exd5 12. f4 Nxd2 13. Qxd2 f6 14. Nxd7 Qxd7
15. Rf3 f5 16. Rh3 g6 17. g4 fxg4 18. Rg3 Rae8 19. Qg2 Rf6 20. Rf1 Qf7 21. Rxg4
Rxe3 22. Qd2 Bc8 23. f5 Bxf5 24. Bxf5 Rxf5 25. Qxe3 Rxf1+ 26. Kg2 Rf6 0-1

[Event "OPEN INTER REUNION 2023"]
[Site "SALLE DES FETES DE BELLEPIERRE"]
[Date "2023.10.14"]
[Round "8.4"]
[White "Berthelot, Yannick"]
[Black "Dijoux, Julien"]
[Result "1-0"]
[WhiteElo "2228"]
[BlackElo "1870"]
[PlyCount "97"]
[EventDate "2023.??.??"]

1. e4 e5 2. Nf3 Nc6 3. d4 exd4 4. Bc4 d6 5. Nxd4 Be7 6. Nc3 Nf6 7. Nde2 Na5 8.
Bd3 a6 9. Nf4 b5 10. O-O O-O 11. Ncd5 c6 12. Nxe7+ Qxe7 13. b3 Qe5 14. Bd2 Nb7
15. f3 Nc5 16. Be2 Ne6 17. Nd3 Qd4+ 18. Kh1 Qa7 19. c3 Bd7 20. Qe1 Rad8 21. Qh4
Bc8 22. Rae1 Rfe8 23. Bd1 Qe7 24. Bc2 Nd7 25. Qg3 Ne5 26. Nf2 f6 27. f4 Nf7 28.
Qh4 Nf8 29. Ng4 Bxg4 30. Qxg4 Qd7 31. Qf3 d5 32. exd5 Rxe1 33. Bxe1 cxd5 34.
Bf2 b4 35. cxb4 Qb5 36. Bc5 Ne6 37. Bd3 Qb8 38. Bxh7+ Kxh7 39. Qh3+ Kg8 40.
Qxe6 d4 41. Qe4 Qb5 42. Rd1 d3 43. a4 Qd7 44. h3 f5 45. Qc4 Qc7 46. Rxd3 Rxd3
47. Qxd3 Qxf4 48. Qxa6 Ng5 49. Qc4+ 1-0